书目信息 |
| 题名: |
模拟电子技术 第二版
|
|
| 作者: | 程开明 , 唐治德 主编 | |
| 分册: | ||
| 出版信息: | 重庆 重庆大学出版社 1993.06 |
|
| 页数: | 226页 | |
| 开本: | 16开 | |
| 丛书名: | ||
| 单 册: | ||
| 中图分类: | TN79 | |
| 科图分类: | ||
| 主题词: | 数字电路 | |
| 电子资源: | ||
| ISBN: | 7-5624-1063-1 | |
| 000 | 00581nam0 2200193 45 | |
| 001 | 0009030958 | |
| 005 | 20041201101918.57 | |
| 010 | @a7-5624-1063-1@dCNY 18.00 | |
| 100 | @a20000903d1993 km y0chiy0120 ea | |
| 101 | 0 | @achi |
| 200 | 1 | @a模拟电子技术 第二版@AMo Ni Dian Zi Ji Shu Di Er Ban@f程开明,唐治德主编@FCheng Kai Ming,Tang Zhi De Zhu Bian |
| 210 | @a重庆@c重庆大学出版社@d1993.06 | |
| 215 | @a226页@d16开 | |
| 606 | 0 | @a数字电路 |
| 690 | @aTN79@v3 | |
| 701 | 0 | @a程开明@4主编 |
| 701 | 0 | @a唐治德@4主编 |
| 801 | @aCN@bPftUser@c20041201 | |
| 905 | @b117403-405@dTN79@eCH530=2@f3 | |
| 模拟电子技术 第二版/程开明,唐治德主编.-重庆:重庆大学出版社,1993.06 |
| 226页;16开 |
| ISBN 7-5624-1063-1:CNY 18.00 |
| ● |
| 相关链接 |
|
|
|
正题名:模拟电子技术 第二版
索取号:TN79/CH530=2
 
预约/预借
| 序号 | 登录号 | 条形码 | 馆藏地/架位号 | 状态 | 备注 |
| 1 | 117403 | 201174031 | 自科二线504/504自科库 8排2列2层/ [索取号:TN79/CH530=2] | 在馆 | |
| 2 | 117404 | 201174040 | 自科二线504/504自科库 8排2列2层/ [索取号:TN79/CH530=2] | 在馆 | |
| 3 | 117405 | 201174059 | 自科二线504/504自科库 8排2列2层/ [索取号:TN79/CH530=2] | 在馆 | |
| 4 | 428574 | 204285745 | 自科库301/301自科库 32排1列5层/ [索取号:TN79/CH530=2] | 在馆 | |
| 5 | 428575 | 204285754 | 自科库301/301自科库 32排1列5层/ [索取号:TN79/CH530=2] | 在馆 |